Normal view
MARC view
Entry Personal Name
001 - CONTROL NUMBER
- control field: 724744
003 - CONTROL NUMBER IDENTIFIER
- control field: OSt
005 - DATE AND TIME OF LATEST TRANSACTION
- control field: 20241004114020.0
008 - FIXED-LENGTH DATA ELEMENTS
- fixed length control field: 241004|| aca||aabn | a|a d
040 ## - CATALOGING SOURCE
- Original cataloging agency: OSt
- Transcribing agency: OSt
100 ## - HEADING--PERSONAL NAME
- Personal name: Sewell Graham Au
670 ## - SOURCE DATA FOUND
- Source citation: Work cat.: (OSt)1218898: Sewell Graham Au., Surveillance: a key idea for business and society, 2021
